Score 0/20 Timer 06:00
1 Play Today
Rank Host % Correct
2Ellen Degeneres
72.8%
1Dr. Phil (McGraw)
72.6%
12Jimmy Fallon
71.6%
17Steve Harvey
69.8%
20Jimmy Kimmel
60%
12Stephen Colbert
51%
11Alex Trebek
44.6%
18Conan O'Brien
42.8%
18Drew Carey
35.7%
5Matt Lauer
35.7%
Rank Host % Correct
12Pat Sajak
35.5%
9Kelly Ripa
34.8%
3Ryan Seacrest
30.4%
12Megyn Kelly
27.7%
7Bill O'Reilly
26.1%
9Michael Strahan
26%
4Judge Judy (Sheindlin)
24.7%
8Robin Roberts
12.2%
6Heidi Klum
6.3%
12George Stephanopoulos
4.9%
Remove Ads.
Support Sporcle.
Get the best of Sporcle when you Go Orange. This ad-free experience offers more features, more stats, and more fun while also helping to support Sporcle. Thank you for becoming a member.

You're not logged in!

Compare scores with friends on all Sporcle quizzes.
OR
Log In

Show Comments

Extras

Top Quizzes Today


Score Distribution

Your Account Isn't Verified!

In order to create a playlist on Sporcle, you need to verify the email address you used during registration. Go to your Sporcle Settings to finish the process.

Report this User

Report this user for behavior that violates our Community Guidelines.

Details: